College Football Team Names - Statistics

General Stats
  • This quiz has been taken 204 times
  • The average score is 58 of 75
Answer Stats
Hint Answer % Correct
Crimson Tide Alabama
99%
Gators Florida
99%
Seminoles Florida State
98%
Bulldogs Georgia
96%
Volunteers Tennesse
95%
Longhorns Texas
94%
Yellow Jackets Georgia Tech
93%
Hurricanes Miami (FL)
93%
Redhawks Miami (OH)
93%
Razorbacks Arkansas
92%
Jayhawks Kansas
91%
Sooners Oklahoma
91%
Cornhuskers Nebraska
90%
Rebels Ole Miss
90%
Horned Frogs TCU
90%
Tarheeles North Carolina
89%
Gamecocks South Carolina
89%
Aggies Texas A&M
89%
Red Raiders Texas Tech
89%
Cowboys Oklahoma State
87%
Wolverines Michigan
86%
Bobcats Ohio
86%
Nittney Lions Penn State
86%
Commadores Vanderbilt
86%
Tigers Auburn
85%
Cavaliers Virginia
85%
Wildcats Arizona
84%
Hawkeyes Iowa
84%
Spartans Michigan State
84%
Fighting Irish Notre Dame
84%
Buckeyes Ohio State
84%
Tigers Clemson
83%
Ducks Oregon
83%
Mustangs SMU
83%
Buffalos Colorado
82%
Boilermakers Purdue
82%
Sun Devils Arizona State
81%
Blue Devils Duke
81%
Cardinals Louisville
81%
Tigers LSU
81%
Wildcats Kentucky
80%
Bruins UCLA
80%
Trojans USC
80%
Cyclones Iowa State
79%
Wildcats Kansas State
79%
Terrapins Maryland
78%
Beavers Oregon State
78%
Utes Utah
78%
Wolfpack NC State
77%
Demon Deacons Wake Forest
77%
Golden Gophers Minnesota
76%
Mountaineers West Virginia
76%
Golden Bears California
75%
Rams Colorado State
74%
Huskies Washington
74%
Bears Baylor
73%
Rainbow Warriors Hawaii
73%
Bulldogs Mississippi State
70%
Scarlet Knights Rutgers
70%
Cardinals Stanford
67%
Cougars Washington State
65%
Miners UTEP
64%
Cougars Houston
61%
Tigers Missouri
61%
Cougars BYU
60%
Aggies Utah State
58%
Eagles Boston College
57%
Pirates East Carolina
57%
Golden Hurricanes Tulsa
57%
Bulldogs Fresno State
46%
Tigers Memphis
43%
Wildcats Northwestern
40%
Cardinals Ball State
33%
Blue Raiders Middle Tennessee State
25%
Hokies Viriginia Tech
2%
No matching quizzes found
Score Distribution
Percent of People with Each Score
Percentile by Number Answered
Your Score History
You have not taken this quiz